000 01016cad a22002055a 4500
001 L154911
008 120131e20120131xxk 000 0 eng d
035 _a(Sirsi) u154911
041 0 _aeng
110 2 _aUnited Kingdom
_bDepartment for Environment, Food and Rural Affairs
245 0 0 _aOver £1 billion investment secures future of new waterways charity
_h[electronic resource]
260 _c2012
490 _aDEFRA News Release
_v31 January 2012
520 _aCanal and River Trust to be launched later in 2012 will help look after the canals and rivers in England and Wales for the benefit of future generations. This charity will be a "National Trust" for the waterways and gather support from many volunteers and supporters to preserve waterways.
590 _aKA
651 4 _aEngland and Wales
_y1543-
690 _aEnvironment
_96238
856 4 0 _uhttps://www.defra.gov.uk/news/2012/01/31/1-billion-investment-for-new-waterways-charity/
_zView the item free of charge at www.defra.gov.uk
942 _n0
999 _c83747
_d83747